| 000 | 00521nam a22001937a 4500 | ||
|---|---|---|---|
| 999 |
_c125742 _d125742 |
||
| 005 | 20220309110355.0 | ||
| 008 | 220309b ||||| |||| 00| 0 eng d | ||
| 020 | _a9780321783370 | ||
| 040 | _cPK-LaUMT | ||
| 082 |
_a519.50285554 _bDRE-S |
||
| 100 | _aDretzke, Beverly J. | ||
| 245 |
_aStatistics with Microsoft excel / _cby Beverly J. Dretzke |
||
| 250 | _a5th ed. | ||
| 260 |
_aBoston : _bPearson, _c2013 |
||
| 300 | _a268 p. | ||
| 650 | _aStatistics-Data processing | ||
| 650 | _aMicrosoft excel | ||
| 942 | _cBK | ||